000 00233nam a2200097Ia 4500
001 778727
005 20250826165931.0
008 250824s9999 xx 000 0 und d
245 0 _aKÜRŞAD
_cORHAN YENİARAS
260 _bPANAMA YAYINLARI
999 _c778727
_d778727